[Event "PRO League Group Stage"]
[Site "chess.com INT"]
[Date "2019.02.28"]
[Round "8"]
[White "Volkov, Nika"]
[Black "Andriasian, Zaven"]
[Result "1-0"]
[BlackTitle "GM"]
[WhiteElo "2153"]
[BlackElo "2604"]
[WhiteTeam "Tbilisi Gentlemen"]
[BlackTeam "Armenia Eagles"]
[WhiteFideId "13604376"]
[BlackFideId "13302000"]
[EventDate "2019.01.08"]

1. d4 Nf6 2. c4 g6 3. Nc3 Bg7 4. e4 d6 5. Nf3 O-O 6. Be2 Nbd7 7. O-O e5 8. Be3
Re8 9. dxe5 dxe5 10. Qc2 c6 11. Rad1 Qe7 12. h3 Nh5 13. Rfe1 Nf4 14. Bf1 Nf8 15.
c5 h5 16. Ne2 N8e6 17. Rd6 h4 18. Bxf4 exf4 19. e5 Ng5 20. Ned4 Nxf3+ 21. Nxf3
Bf5 22. Bd3 Bxd3 23. Qxd3 b6 24. Qc4 bxc5 25. Rxg6 Rab8 26. Rg4 Rb4 27. Qc2 Qe6
28. Ng5 Qg6 29. Ne4 Rxe4 30. Rxe4 Qe6 31. Rexf4 Rd8 32. Qf5 Qxf5 33. Rxf5 Kf8
34. e6 Rd1+ 35. Kh2 f6 36. e7+ Kf7 37. Rxg7+ 1-0

[Event "PRO League Group Stage"]
[Site "chess.com INT"]
[Date "2019.02.28"]
[Round "8"]
[White "Sargsyan, Anna M."]
[Black "Jobava, Baadur"]
[Result "1/2-1/2"]
[WhiteTitle "WFM"]
[BlackTitle "GM"]
[WhiteElo "2339"]
[BlackElo "2629"]
[WhiteTeam "Armenia Eagles"]
[BlackTeam "Tbilisi Gentlemen"]
[WhiteFideId "13308130"]
[BlackFideId "13601520"]
[EventDate "2019.01.08"]

1. d4 Nf6 2. Nf3 b6 3. g3 Bb7 4. Bg2 e6 5. c4 Bb4+ 6. Bd2 a5 7. O-O O-O 8. Bf4
h6 9. a3 Be7 10. Nc3 d6 11. d5 e5 12. Bd2 Na6 13. e4 Nc5 14. Nh4 a4 15. Be3 Nfd7
16. Nf5 Bg5 17. f4 Bf6 18. Qg4 Kh7 19. Rad1 Ba6 20. Nb5 Bxb5 21. cxb5 Ra5 22.
Qe2 Re8 23. Bd2 Ra8 24. Qh5 exf4 25. Rxf4 Re5 26. Rg4 Qf8 27. Qh3 Rae8 28. Bc3
Rxf5 29. exf5 Bxc3 30. bxc3 Re3 31. f6 Nxf6 32. Rf4 Re5 33. Rdf1 Qe7 34. Qc8 Nd3
35. R4f3 Ne1 36. Rf5 Nxg2 37. Kxg2 Re2+ 38. R5f2 Qe4+ 39. Kg1 Rxf2 40. Rxf2 Nxd5
41. Qf5+ Qxf5 42. Rxf5 Nxc3 43. Kf2 Kg6 44. Rf4 d5 45. Rb4 Kf5 46. Ke3 Ke5 47.
Kd3 Ne4 48. Ke3 Nc5 49. g4 g6 50. h4 h5 51. g5 f5 52. gxf6 Kxf6 53. Kd4 Ke6 54.
Rb1 Nb3+ 55. Kc3 Nc5 56. Rg1 Ke5 57. Rxg6 d4+ 58. Kc4 Ke4 59. Rg7 Nd3 60. Rxc7
Ne5+ 61. Kb4 Nf3 62. Rc6 d3 63. Kc3 d2 64. Rd6 Ke3 65. Kc2 Nd4+ 66. Kd1 Nxb5 67.
Rxd2 Nxa3 68. Ra2 Nc4 69. Kc2 b5 70. Kc3 Nd6 71. Kb4 Ne4 72. Rg2 Kf3 73. Rg6 Kf4
74. Rg8 Nd6 75. Rg5 Nf5 76. Rxh5 Kg4 77. Rh8 Nxh4 78. Kxb5 a3 79. Ra8 a2 80.
Rxa2 Nf5 1/2-1/2

[Event "PRO League Group Stage"]
[Site "chess.com INT"]
[Date "2019.02.28"]
[Round "8"]
[White "Gabrielian, Artur"]
[Black "Pantsulaia, Levan"]
[Result "1/2-1/2"]
[WhiteTitle "GM"]
[BlackTitle "GM"]
[WhiteElo "2490"]
[BlackElo "2597"]
[WhiteTeam "Armenia Eagles"]
[BlackTeam "Tbilisi Gentlemen"]
[WhiteFideId "4131002"]
[BlackFideId "13602071"]
[EventDate "2019.01.08"]

1. e4 c5 2. Nf3 e6 3. d4 cxd4 4. Nxd4 a6 5. Nc3 b5 6. Bd3 Bb7 7. O-O Nc6 8. Nxc6
Bxc6 9. Re1 Bc5 10. Be3 Bxe3 11. Rxe3 Ne7 12. e5 Ng6 13. Ne4 O-O 14. Qh5 Qh4 15.
Qxh4 Nxh4 16. Rh3 Ng6 17. Nd6 Nf4 18. Rg3 f5 19. Bf1 h6 20. h4 Rab8 21. a3 Bd5
22. Re1 Rb6 23. Rc3 g5 24. g3 Ng6 25. Nc8 Rc6 26. Rxc6 Bxc6 27. Nd6 gxh4 28. c4
bxc4 29. Bxc4 a5 30. b4 axb4 31. axb4 hxg3 32. fxg3 f4 33. b5 Bf3 34. gxf4 Rxf4
35. b6 Bc6 36. Bd3 Nh4 37. Be4 Bxe4 38. Rxe4 Nf3+ 39. Kf2 Rxe4 40. Nxe4 Nxe5 41.
b7 Nc6 42. Nf6+ Kf7 43. Nxd7 Ke7 44. b8=Q Nxb8 45. Nxb8 Kd6 46. Na6 Kd5 47. Nc7+
Ke5 48. Nxe6 Kxe6 49. Kg3 h5 1/2-1/2

[Event "PRO League Group Stage"]
[Site "chess.com INT"]
[Date "2019.02.28"]
[Round "8"]
[White "Paichadze, Luka"]
[Black "Ter-Sahakyan, Samvel"]
[Result "1/2-1/2"]
[WhiteTitle "GM"]
[BlackTitle "GM"]
[WhiteElo "2583"]
[BlackElo "2574"]
[WhiteTeam "Tbilisi Gentlemen"]
[BlackTeam "Armenia Eagles"]
[WhiteFideId "13602934"]
[BlackFideId "13302531"]
[EventDate "2019.01.08"]

1. e4 e5 2. Nf3 Nf6 3. Nxe5 d6 4. Nf3 Nxe4 5. d4 d5 6. Bd3 Bd6 7. O-O O-O 8. c4
c6 9. Nc3 Nxc3 10. bxc3 dxc4 11. Bxc4 Bf5 12. Bd3 Bxd3 13. Qxd3 Nd7 14. Rb1 b5
15. c4 bxc4 16. Qxc4 Qc7 17. Bd2 Rab8 18. Rbc1 Rfc8 19. Rc2 c5 20. Rfc1 Nb6 21.
Qf1 Qe7 22. dxc5 Rxc5 23. Be3 Rxc2 24. Rxc2 Nd5 25. Bd4 h6 26. g3 Qe4 27. Qe2
Rb1+ 28. Kg2 Qg6 29. Be5 Bxe5 30. Rc8+ Kh7 31. Qxe5 Qd3 32. Ne1 Ne3+ 33. Qxe3
Qxe3 34. fxe3 Rxe1 35. Kf3 Rf1+ 36. Ke4 Rf2 37. a4 Ra2 38. Rc4 Rxh2 39. Rc7 a5
40. Rc5 Rg2 41. Kf3 Ra2 42. Rxa5 Kg6 43. g4 f6 44. Ra7 Ra3 45. a5 Ra4 46. e4 h5
47. gxh5+ Kxh5 48. Rxg7 Rxa5 49. Kf4 Kh6 50. Rg1 Kh7 51. Rg3 Rb5 52. Rd3 Kg6 53.
Rd6 Ra5 54. Re6 Rb5 55. e5 Rb4+ 56. Ke3 Kf5 57. Rxf6+ Kxe5 58. Rf3 Re4+ 59. Kf2
Rf4 60. Ke3 Re4+ 61. Kf2 Rf4 62. Ke3 Re4+ 63. Kf2 Rf4 64. Ke3 Re4+ 65. Kf2 Rf4
66. Ke3 Re4+ 1/2-1/2

[Event "PRO League Group Stage"]
[Site "chess.com INT"]
[Date "2019.02.28"]
[Round "8"]
[White "Korchmar, Vasiliy"]
[Black "Pavlidis, Antonios"]
[Result "0-1"]
[WhiteTitle "IM"]
[BlackTitle "GM"]
[WhiteElo "2424"]
[BlackElo "2533"]
[WhiteTeam "Volga Stormbringers"]
[BlackTeam "Estonia Horses"]
[WhiteFideId "24131750"]
[BlackFideId "4212312"]
[EventDate "2019.01.08"]

1. d4 Nf6 2. c4 g6 3. Nc3 Bg7 4. e4 d6 5. h3 O-O 6. Nf3 c6 7. Be2 a6 8. a4 e5 9.
d5 a5 10. O-O Na6 11. Be3 Nh5 12. Re1 Nf4 13. Bf1 Nc5 14. Qc2 Qe7 15. Rad1 Bd7
16. Qd2 Nb3 17. Qc2 Nc5 18. Qd2 Qf6 19. Nxe5 Nxh3+ 20. gxh3 Qxe5 21. Bf4 Qf6 22.
dxc6 Bxc6 23. Qxd6 Nxa4 24. Qxf6 Bxf6 25. Nxa4 Bxa4 26. Rd2 Bb3 27. c5 a4 28.
Bd6 a3 29. bxa3 Bc3 30. Bxf8 Bxd2 31. Rb1 Bc2 32. Rb2 Bxe4 33. Rxd2 Kxf8 34. Bg2
Bxg2 35. Kxg2 Rxa3 36. Rd7 Rb3 37. Rc7 Kg7 38. c6 bxc6 39. Rxc6 g5 40. Rd6 Rc3
41. Rb6 Rd3 42. Rc6 Rb3 43. Rd6 Ra3 44. Rc6 f6 45. Rc5 Kg6 46. Rd5 Rc3 47. Rb5
Rc4 48. Rd5 Re4 49. Rb5 Re5 50. Rb4 Kf5 51. Ra4 Rb5 52. Rc4 Re5 53. Rb4 h6 54.
Ra4 h5 55. Rb4 Re4 56. Rb6 Ke5 57. Ra6 Rd4 58. Rb6 Rd6 59. Rb5+ Ke4 60. Rb4+ Rd4
61. Rb6 Kf5 62. Ra6 Re4 63. Rb6 Re6 64. Rb5+ Kf4 65. Rb4+ Re4 66. Rb6 f5 67. Rh6
h4 68. Rh8 Re2 69. Rh7 Ra2 70. Rh8 Ra4 71. Rh7 Ke5 72. Rh5 Kf6 73. Rh6+ Kg7 74.
Rb6 Re4 75. Rc6 Kf7 76. Rb6 Re6 77. Rb7+ Kf6 78. Rh7 Kg6 79. Rh8 Re7 80. Rg8+
Rg7 81. Ra8 g4 82. hxg4 fxg4 83. Ra4 Kh5 84. Ra5+ Rg5 85. Ra8 Rb5 86. Rh8+ Kg5
87. Rg8+ Kf4 88. Rf8+ Rf5 89. Ra8 h3+ 90. Kg1 Rd5 91. Rf8+ Ke4 0-1

[Event "PRO League Group Stage"]
[Site "chess.com INT"]
[Date "2019.02.28"]
[Round "8"]
[White "Ghosh, Diptayan"]
[Black "Tekeyev, Zaur"]
[Result "1-0"]
[WhiteTitle "GM"]
[BlackTitle "FM"]
[WhiteElo "2544"]
[BlackElo "2392"]
[WhiteTeam "Mumbai Movers"]
[BlackTeam "Moscow Phoenix"]
[WhiteFideId "5045207"]
[BlackFideId "4199731"]
[EventDate "2019.01.08"]

1. Nf3 Nf6 2. g3 g6 3. Bg2 Bg7 4. O-O O-O 5. d4 d6 6. b3 c5 7. c4 e5 8. dxe5
dxe5 9. Bb2 e4 10. Ng5 Bf5 11. Qxd8 Rxd8 12. g4 Bxg4 13. Nxe4 Nxe4 14. Bxg7 Kxg7
15. Bxe4 Rd7 16. Nc3 Na6 17. Rfd1 Re7 18. f3 Be6 19. Rd6 Nc7 20. Bxb7 Rb8 21.
Bc6 Rb6 22. Rad1 Bh3 23. Kf2 Re5 24. Ne4 Ne6 25. Bd7 Nf4 26. Bxh3 Nxh3+ 27. Kg3
Ng5 28. Nc3 Rb8 29. R6d5 Rxd5 30. Rxd5 Ne6 31. Ne4 Rc8 32. Rd7 a6 33. Nd6 Rf8
34. Ra7 Kf6 35. Rxa6 Ke5 36. e3 g5 37. Ne4 f5 38. Nxg5 f4+ 39. exf4+ Nxf4 40. h4
Nh5+ 41. Kf2 Nf4 42. Rc6 h6 43. Ne4 Kd4 44. Nxc5 Rg8 45. Ne6+ Nxe6 46. Rxe6 1-0

[Event "PRO League Group Stage"]
[Site "chess.com INT"]
[Date "2019.02.28"]
[Round "8"]
[White "Puranik, Abhimanyu"]
[Black "Kuznetsov, Mikhail V."]
[Result "1/2-1/2"]
[WhiteTitle "GM"]
[BlackTitle "FM"]
[WhiteElo "2536"]
[BlackElo "2292"]
[WhiteTeam "Mumbai Movers"]
[BlackTeam "Moscow Phoenix"]
[WhiteFideId "5061245"]
[BlackFideId "4194900"]
[EventDate "2019.01.08"]

1. e4 c5 2. Nf3 Nf6 3. Nc3 d5 4. Bb5+ Bd7 5. e5 Bxb5 6. Nxb5 a6 7. exf6 axb5 8.
fxg7 Bxg7 9. O-O Nc6 10. Qe2 b4 11. c3 O-O 12. d4 cxd4 13. cxd4 Qd6 14. Be3 Ra5
15. Qd3 Qg6 16. Qb3 e6 17. Bd2 Rfa8 18. Bxb4 Rb5 19. a3 Bxd4 20. Nxd4 Nxd4 21.
Qd1 Nc2 22. Rc1 Nxb4 23. axb4 Rxb4 24. Rc3 Rg4 25. Qf3 Raa4 26. g3 Rgc4 27. Rb3
Rab4 28. Rxb4 Rxb4 29. Rc1 Rc4 30. Rxc4 dxc4 31. Qxb7 Qd3 32. Qb8+ Kg7 33. Qe5+
Kg6 34. h4 Qb1+ 35. Kg2 Qf5 36. Qh8 Qe4+ 37. Kh2 Qf5 38. Qg8+ Kh6 1/2-1/2

[Event "PRO League Group Stage"]
[Site "chess.com INT"]
[Date "2019.02.28"]
[Round "8"]
[White "Kryakvin, Dmitry"]
[Black "Mohammad, Nubairshah Shaikh"]
[Result "1-0"]
[WhiteTitle "GM"]
[BlackTitle "IM"]
[WhiteElo "2588"]
[BlackElo "2437"]
[WhiteTeam "Moscow Phoenix"]
[BlackTeam "Mumbai Movers"]
[WhiteFideId "4153278"]
[BlackFideId "5053196"]
[EventDate "2019.01.08"]

1. d4 d5 2. c4 c6 3. Nf3 Nf6 4. e3 Bg4 5. Qb3 Qb6 6. Ne5 Bf5 7. Nc3 e6 8. c5 Qc7
9. Be2 Nbd7 10. g4 Bg6 11. Nxg6 hxg6 12. g5 Ne4 13. Nxe4 dxe4 14. Bd2 Be7 15.
O-O-O Bxg5 16. Rdg1 Be7 17. h4 Rxh4 18. Rxh4 Bxh4 19. Rg4 Bxf2 20. Rxe4 Nf6 21.
Rf4 Bg3 22. Rf3 Bh4 23. Bd3 O-O-O 24. Qa4 Qb8 25. e4 Rd7 26. Bf4 Qxf4+ 27. Rxf4
Bg5 28. Kc2 Bxf4 29. e5 Ng4 30. Qxa7 Rxd4 31. Qa8+ Kc7 32. Qf8 Nxe5 33. Bf1 Bh6
34. a3 Nd7 35. Qe7 Rd5 36. b4 Rf5 37. Bd3 Rf2+ 38. Kc3 Bf4 39. b5 Be5+ 40. Kb3
Rb2+ 41. Ka4 cxb5+ 42. Bxb5 Rd2 43. Qxf7 Bf6 44. Bxd7 Rxd7 45. Qxe6 Rd2 46. Qb6+
Kc8 47. c6 Rd4+ 48. Kb3 bxc6 49. Qxc6+ Kb8 50. Qb6+ Kc8 51. Qa6+ Kc7 52. a4 Rd6
53. Qa7+ Kc6 54. a5 Bd4 55. Qa6+ Kc5 56. Qc4# 1-0

[Event "PRO League Group Stage"]
[Site "chess.com INT"]
[Date "2019.02.28"]
[Round "8"]
[White "Demidov, Mikhail"]
[Black "Sadhwani, Raunak"]
[Result "1-0"]
[WhiteTitle "IM"]
[BlackTitle "IM"]
[WhiteElo "2520"]
[BlackElo "2451"]
[WhiteTeam "Moscow Phoenix"]
[BlackTeam "Mumbai Movers"]
[WhiteFideId "4197143"]
[BlackFideId "35093487"]
[EventDate "2019.01.08"]

1. d4 Nf6 2. Bg5 d5 3. Nd2 c5 4. dxc5 e6 5. Ngf3 Bxc5 6. e3 O-O 7. Be2 h6 8. Bh4
Be7 9. O-O b6 10. c4 dxc4 11. Nxc4 Bb7 12. Qb3 Nbd7 13. Rfd1 Rc8 14. Qa4 Qc7 15.
Rxd7 Nxd7 16. Bxe7 Nc5 17. Bxc5 Qxc5 18. Nd4 Qg5 19. Bf1 e5 20. Nb5 Bc6 21. Ncd6
Rcd8 22. Qxa7 Bxb5 23. Nxb5 Rd2 24. Qxb6 Rxb2 25. e4 Rd8 26. Qe3 Qf6 27. Na3
Rdd2 28. Nc4 Rxa2 29. Nxd2 Rxa1 30. Qd3 Ra2 31. Qe3 Qd6 32. Nf3 Ra1 33. Qe2 Ra5
34. h3 Rc5 35. g3 Qc7 36. Kg2 Rc2 37. Qe3 Rc3 38. Bd3 Qd6 39. Ne1 Qc7 40. Qd2
Qc6 41. Nf3 Qc7 42. Bb1 Rc1 43. Qd3 Qc5 44. h4 Kh7 45. Qb3 Qc7 46. Ba2 Kg8 47.
h5 Rc3 48. Qb5 Rc5 49. Qe8+ 1-0

[Event "PRO League Group Stage"]
[Site "chess.com INT"]
[Date "2019.02.28"]
[Round "8"]
[White "Adly, Ahmed"]
[Black "Seliverstov, Vladimir"]
[Result "0-1"]
[WhiteTitle "GM"]
[BlackTitle "IM"]
[WhiteElo "2611"]
[BlackElo "2462"]
[WhiteTeam "Delhi Dynamite"]
[BlackTeam "Moscow Wizards"]
[WhiteFideId "10601619"]
[BlackFideId "4192036"]
[EventDate "2019.01.08"]

1. Nf3 d5 2. g3 Nf6 3. Bg2 g6 4. c4 c6 5. b3 Bg7 6. Bb2 O-O 7. O-O e6 8. d3 b6
9. Nbd2 Bb7 10. Qc2 Nbd7 11. e4 dxe4 12. dxe4 Qc7 13. h3 e5 14. c5 Nxc5 15. Bxe5
Qe7 16. b4 Ncd7 17. Bc3 c5 18. bxc5 Nxc5 19. Rfe1 Rac8 20. Qb1 Rfd8 21. e5 Nfe4
22. Nxe4 Bxe4 23. Qb4 Qb7 24. Re3 Bh6 25. e6 Bxe3 26. fxe3 Nxe6 27. Rf1 Rd3 28.
Ba1 Rc2 29. Qa4 Rxg2+ 30. Kxg2 Bxf3+ 31. Kg1 Qe4 0-1

[Event "PRO League Group Stage"]
[Site "chess.com INT"]
[Date "2019.02.28"]
[Round "8"]
[White "Gupta, Abhijeet"]
[Black "Skvortsov, Andrei"]
[Result "1-0"]
[WhiteTitle "GM"]
[WhiteElo "2581"]
[BlackElo "2128"]
[WhiteTeam "Delhi Dynamite"]
[BlackTeam "Moscow Wizards"]
[WhiteFideId "5010608"]
[BlackFideId "24108600"]
[EventDate "2019.01.08"]

1. d4 Nf6 2. Nf3 e6 3. c4 c5 4. d5 exd5 5. cxd5 Bd6 6. Nc3 O-O 7. Bg5 h6 8. Bh4
Re8 9. e3 a6 10. a4 Bc7 11. Bd3 d6 12. h3 Nbd7 13. Bc2 Ba5 14. O-O Rb8 15. Ne4
Qe7 16. Ng3 Ne5 17. Nh5 Ng6 18. Bxf6 gxf6 19. Nh2 f5 20. Kh1 Bd8 21. Ng3 Qg5 22.
Nf3 Qf6 23. Qd3 Qxb2 24. Nxf5 Bxf5 25. Qxf5 Qf6 26. Qd7 Be7 27. Rab1 Red8 28.
Qg4 b5 29. Nd2 Qg5 30. Qe2 c4 31. f4 Qxd5 32. f5 Nh4 33. Ne4 Nxf5 34. Qf3 Qe5
35. Qxf5 Qxf5 36. Rxf5 b4 37. Rd5 Bf8 38. Bd1 b3 39. Rd4 Bg7 40. Rxd6 Rdc8 41.
Rxa6 Re8 42. Nd2 Rxe3 43. Nxc4 Re1+ 44. Kh2 Rd8 45. Rb6 Rd4 46. Rb8+ Bf8 47.
R1xb3 Rxc4 48. Rg3+ Kh7 49. Rxf8 Rxd1 50. Rxf7+ Kh8 51. Rf8+ Kh7 52. Rf7+ Kh8
53. Rfg7 Rxa4 54. Rg8+ 1-0

[Event "PRO League Group Stage"]
[Site "chess.com INT"]
[Date "2019.02.28"]
[Round "8"]
[White "Savchenko, Boris"]
[Black "Sardana, Rishi"]
[Result "1/2-1/2"]
[WhiteTitle "GM"]
[BlackTitle "IM"]
[WhiteElo "2562"]
[BlackElo "2398"]
[WhiteTeam "Moscow Wizards"]
[BlackTeam "Delhi Dynamite"]
[WhiteFideId "4147332"]
[BlackFideId "25004301"]
[EventDate "2019.01.08"]

1. e4 e5 2. Nf3 Nc6 3. Bc4 Bc5 4. c3 Nf6 5. d3 d6 6. Nbd2 a6 7. Bb3 O-O 8. O-O
Ba7 9. h3 Kh8 10. Re1 Ng8 11. Nf1 f5 12. Bg5 Qe8 13. exf5 Bxf5 14. d4 Qg6 15.
Ng3 e4 16. Nh4 Qxg5 17. Nhxf5 Rxf5 18. Nxf5 Qxf5 19. Qg4 Qxg4 20. hxg4 Re8 21.
f3 e3 22. Re2 Na5 23. g3 c5 24. Bxg8 cxd4 25. Bf7 Re7 26. b4 d3 27. bxa5 Rxf7
28. Rb2 e2+ 29. Kg2 Re7 30. Re1 Be3 31. Rexe2 dxe2 32. Rxe2 d5 33. f4 Bc5 34.
Rd2 Rd7 35. g5 Kg8 36. Kf3 Kf7 37. Rh2 Re7 38. Kg4 Re3 39. Rb2 Re7 40. Rh2 Kg8
41. Rd2 Rd7 42. Kf5 Kf7 43. Rh2 g6+ 44. Kg4 Ke6 45. Re2+ Kd6 46. Re8 Re7 47. Rc8
Bf2 48. Kf3 Be1 49. a4 Bd2 50. Kf2 Rc7 51. Rd8+ Ke6 52. Re8+ Kd7 53. Rh8 Kc6 54.
Re8 Bxc3 55. Ke3 Bxa5 56. g4 Kd6 57. Rb8 Re7+ 58. Kd3 Bb6 59. f5 gxf5 60. gxf5
Ba7 61. Rd8+ Ke5 62. f6 Rf7 63. Rg8 Kf5 64. Rg7 Ke6 65. Rg8 Bc5 66. Rd8 Bf2 67.
a5 Bh4 68. Rg8 h6 69. g6 Rxf6 70. Re8+ Kd6 71. g7 Rg6 72. g8=R Rxg8 73. Rxg8 Be1
74. Kd4 Bf2+ 75. Kd3 h5 76. Rg6+ Kc7 77. Rf6 Be1 78. Kd4 Bxa5 79. Rh6 Be1 80.
Rxh5 Kc6 81. Rxd5 Bf2+ 82. Ke4 b5 83. Rf5 Bc5 84. Rf6+ Bd6 85. Kd4 a5 86. Rh6 a4
87. Rg6 b4 88. Kc4 b3 89. Rg2 Bc5 90. Rg6+ Bd6 91. Rg2 Ba3 92. Rg6+ Bd6 93. Rg2
Be7 94. Re2 Bd6 95. Rd2 Bc5 96. Rg2 Bd6 97. Rf2 Bc5 98. Rh2 Bd6 99. Rf2 Bc5 1/2-1/2

[Event "PRO League Group Stage"]
[Site "chess.com INT"]
[Date "2019.02.28"]
[Round "8"]
[White "Usmanov, Vasily"]
[Black "Tania, Sachdev"]
[Result "1-0"]
[WhiteTitle "IM"]
[BlackTitle "IM"]
[WhiteElo "2450"]
[BlackElo "2400"]
[WhiteTeam "Moscow Wizards"]
[BlackTeam "Delhi Dynamite"]
[WhiteFideId "4135741"]
[BlackFideId "5007844"]
[EventDate "2019.01.08"]

1. d4 Nf6 2. c4 e6 3. Nc3 Bb4 4. e3 O-O 5. Ne2 c5 6. a3 Bxc3+ 7. Nxc3 cxd4 8.
Qxd4 Nc6 9. Qh4 b6 10. Be2 Bb7 11. O-O d5 12. Rd1 Ne5 13. cxd5 Nxd5 14. Qxd8
Rfxd8 15. Bd2 Rac8 16. Nxd5 Bxd5 17. Bc3 Bc4 18. Kf1 Bxe2+ 19. Kxe2 Nc4 20.
Rxd8+ Rxd8 21. b3 Nd6 22. Rd1 f6 23. Bb4 Nb7 24. Rc1 Rd7 25. Rc8+ Kf7 26. a4 e5
27. Ra8 Nd8 28. Ba3 Ne6 29. b4 Rc7 30. b5 e4 31. Kd2 Rd7+ 32. Kc2 Rc7+ 33. Kb3
Rd7 34. Bb4 Kg6 35. Kc4 Kf5 36. h3 h5 37. Rh8 g6 38. Re8 Nc7 39. Rf8 1-0

[Event "PRO League Group Stage"]
[Site "chess.com INT"]
[Date "2019.02.28"]
[Round "8"]
[White "Oparin, Grigoriy"]
[Black "Burg, Twan"]
[Result "1-0"]
[WhiteTitle "GM"]
[BlackTitle "GM"]
[WhiteElo "2613"]
[BlackElo "2514"]
[WhiteTeam "Volga Stormbringers"]
[BlackTeam "Estonia Horses"]
[WhiteFideId "24125890"]
[BlackFideId "1010697"]
[EventDate "2019.01.08"]

1. d4 Nf6 2. Nf3 d5 3. c4 e6 4. g3 Be7 5. Bg2 O-O 6. Nc3 dxc4 7. Ne5 Nc6 8. Bxc6
bxc6 9. Nxc6 Qe8 10. Nxe7+ Qxe7 11. Qa4 c5 12. dxc5 Qxc5 13. Be3 Qc7 14. O-O-O
Bd7 15. Qa3 Bc6 16. f3 Rfc8 17. Rd2 Nd5 18. Bd4 a5 19. Qc5 Qb7 20. Qd6 Qc7 21.
Qxc7 Rxc7 22. Rhd1 f6 23. a3 Nxc3 24. Bxc3 Kf7 25. Rd4 Ba4 26. R1d2 Bb5 27. g4
h6 28. e4 e5 29. Rd5 Rb7 30. h4 a4 31. Kc2 Rc8 32. Bb4 Rcc7 33. Kc3 Rd7 34. Rxb5
Rxd2 35. Rxb7+ 1-0

[Event "PRO League Group Stage"]
[Site "chess.com INT"]
[Date "2019.02.28"]
[Round "8"]
[White "Frolyanov, Dmitry"]
[Black "Narva, Mai"]
[Result "1-0"]
[WhiteTitle "GM"]
[BlackTitle "WIM"]
[WhiteElo "2517"]
[BlackElo "2347"]
[WhiteTeam "Volga Stormbringers"]
[BlackTeam "Estonia Horses"]
[WhiteFideId "4151976"]
[BlackFideId "4500512"]
[EventDate "2019.01.08"]

1. Nf3 d5 2. g3 c5 3. Bg2 Nc6 4. d4 cxd4 5. Nxd4 Nf6 6. Nxc6 bxc6 7. c4 e6 8.
O-O Be7 9. b3 O-O 10. Nd2 e5 11. Bb2 e4 12. Qc2 Bf5 13. Rad1 Qc8 14. Qc1 a5 15.
f3 e3 16. Nb1 Qe6 17. cxd5 Nxd5 18. Nc3 Nb4 19. a3 Na6 20. Ne4 Bxe4 21. fxe4
Qxb3 22. Rd3 Qb5 23. Qc3 f6 24. Rd7 Rae8 25. e5 Nc5 26. exf6 Nxd7 27. Bxc6 Qh5
28. Qc4+ Rf7 29. Bxd7 Rf8 30. fxe7 1-0

[Event "PRO League Group Stage"]
[Site "chess.com INT"]
[Date "2019.02.28"]
[Round "8"]
[White "Andriasian, Zaven"]
[Black "Paichadze, Luka"]
[Result "1/2-1/2"]
[WhiteTitle "GM"]
[BlackTitle "GM"]
[WhiteElo "2604"]
[BlackElo "2583"]
[WhiteTeam "Armenia Eagles"]
[BlackTeam "Tbilisi Gentlemen"]
[WhiteFideId "13302000"]
[BlackFideId "13602934"]
[EventDate "2019.01.08"]

1. e4 c6 2. d4 d5 3. Nc3 dxe4 4. Nxe4 Bf5 5. Ng3 Bg6 6. N1e2 Nf6 7. Nf4 e6 8. h4
e5 9. Nxg6 hxg6 10. dxe5 Qa5+ 11. Bd2 Qxe5+ 12. Qe2 Nbd7 13. O-O-O O-O-O 14. Qc4
Nd5 15. Re1 Qc7 16. Ne4 Ne5 17. Qb3 Be7 18. g3 Rhe8 19. Bg2 f6 20. Re2 Nd7 21.
Rhe1 f5 22. Ng5 Nc5 23. Qf3 Bxg5 24. Bxg5 Rxe2 25. Qxe2 Nf6 26. a3 Qd7 27. Be3
Nce4 28. Rd1 Qxd1+ 29. Qxd1 Rxd1+ 30. Kxd1 b6 31. Ke2 Kd7 32. Bf4 c5 33. Bb8 a6
34. Bf4 b5 35. Be3 Kd6 36. Ke1 Nd5 37. Bc1 c4 38. Ke2 a5 39. Bf1 b4 40. axb4
Nxb4 41. Bf4+ Kd5 42. f3 Nc5 43. Kd2 Nc6 44. Be3 Nd4 45. Bg2 Nb5 46. Kc1 a4 47.
Bd2 c3 48. bxc3 Na3 49. c4+ Nxc4 50. Bc3 Ne3 51. Bh1 f4 52. gxf4 Nf5 53. Bg2 Ne6
54. Be5 Nxh4 55. Bf1 Nxf3 56. Bg2 Ke4 57. Kb2 g5 58. Bxf3+ Kxf3 59. fxg5 Nxg5
60. Bxg7 Ne6 61. Bf6 Ke4 62. c4 Kd3 63. Ka3 Kxc4 64. Kxa4 Nc5+ 65. Ka5 1/2-1/2

[Event "PRO League Group Stage"]
[Site "chess.com INT"]
[Date "2019.02.28"]
[Round "8"]
[White "Ter-Sahakyan, Samvel"]
[Black "Volkov, Nika"]
[Result "1/2-1/2"]
[WhiteTitle "GM"]
[WhiteElo "2574"]
[BlackElo "2153"]
[WhiteTeam "Armenia Eagles"]
[BlackTeam "Tbilisi Gentlemen"]
[WhiteFideId "13302531"]
[BlackFideId "13604376"]
[EventDate "2019.01.08"]

1. e4 e6 2. d4 d5 3. Nc3 Bb4 4. e5 c5 5. a3 Bxc3+ 6. bxc3 f5 7. Qh5+ g6 8. Qd1
h6 9. h4 Kf7 10. a4 Ne7 11. Nf3 b6 12. a5 bxa5 13. Ba3 Nd7 14. Bb5 a6 15. Bd3
Qc7 16. O-O Bb7 17. Qd2 Bc6 18. Rab1 a4 19. Qe3 c4 20. Be2 Rag8 21. g3 Nc8 22.
Rfe1 Na7 23. Bd6 Qd8 24. Bf1 Nb5 25. Bg2 g5 26. Rb4 a5 27. Rbb1 Rg7 28. h5 Kg8
29. Nd2 Qa8 30. Rb2 Kh7 31. Reb1 f4 32. Qf3 a3 33. Rxb5 a2 34. Ra1 Bxb5 35. Rxa2
a4 36. Bh3 Qe8 37. Qg4 Nb6 38. Rb2 Nc8 39. Rxb5 Qxb5 40. Qxe6 Nxd6 41. exd6 Rf8
42. Bf5+ Rxf5 43. Qxf5+ Kg8 44. Ne4 Qb1+ 45. Kg2 f3+ 46. Kh2 dxe4 47. Qc8+ Kh7
48. Qf5+ Kg8 49. Qc8+ Kh7 50. Qf5+ Kh8 51. Qf8+ Kh7 52. Qf5+ Kh8 53. Qf8+ Kh7
54. Qf5+ Kh8 55. Qf8+ Kh7 56. Qf5+ 1/2-1/2

[Event "PRO League Group Stage"]
[Site "chess.com INT"]
[Date "2019.02.28"]
[Round "8"]
[White "Jobava, Baadur"]
[Black "Gabrielian, Artur"]
[Result "1-0"]
[WhiteTitle "GM"]
[BlackTitle "GM"]
[WhiteElo "2629"]
[BlackElo "2490"]
[WhiteTeam "Tbilisi Gentlemen"]
[BlackTeam "Armenia Eagles"]
[WhiteFideId "13601520"]
[BlackFideId "4131002"]
[EventDate "2019.01.08"]

1. d4 Nf6 2. c4 c5 3. d5 e6 4. Nc3 exd5 5. Nxd5 Nxd5 6. cxd5 d6 7. e4 g6 8. Bd2
Bg7 9. Bc3 O-O 10. Bxg7 Kxg7 11. Bd3 Qa5+ 12. Qd2 Qxd2+ 13. Kxd2 f5 14. Re1 fxe4
15. Rxe4 Rxf2+ 16. Ke3 Rf7 17. Nf3 Nd7 18. Ng5 Nf6 19. Nxf7 Nxe4 20. Rf1 Nf6 21.
Nxd6 Nxd5+ 22. Kd2 Be6 23. Nxb7 Rb8 24. Nxc5 Rxb2+ 25. Kc1 Rb6 26. Nxe6+ Rxe6
27. Kd2 Rd6 28. a3 g5 29. Rf5 h6 30. g3 a5 31. Rf1 Nf6 32. Kc3 Nd5+ 33. Kd2 Nf6
34. Rf5 Nd5 35. Re5 Kf6 36. Re4 h5 37. Rc4 h4 38. Rc5 hxg3 39. hxg3 a4 40. Ra5
Nb6 41. Rf5+ Ke7 42. Rxg5 Nc4+ 43. Kc3 Nxa3 44. Rg7+ Kf8 45. Ra7 Rc6+ 46. Kd4
Nc2+ 47. Ke5 Rc3 48. Be4 a3 49. g4 Nb4 50. Kf6 Ke8 51. g5 Rc4 52. Bg6+ Kd8 53.
Bf7 Rf4+ 54. Ke6 a2 55. g6 1-0